[Event "Lindores Abbey Tal Blitz 2021"]
[Site "Riga"]
[Date "2021.11.08"]
[Round "18.35"]
[White "Chigaev, Maksim"]
[Black "Donchenko, Alexander"]
[Result "1-0"]
[WhiteElo "2626"]
[BlackElo "2645"]
[Annotator "TA"]
[PlyCount "72"]
[EventDate "2021.11.02"]
[EventType "swiss"]
[EventCountry "LAT"]
[SourceTitle "playchess.com"]
[Source "ChessBase"]
[SourceQuality "1"]

1. Nf3 Nf6 2. g3 g6 3. Bg2 Bg7 4. O-O O-O 5. d3 d6 6. e4 c5 7. Re1 Nc6 8. Nbd2
Rb8 9. a4 a6 10. e5 dxe5 11. Nxe5 Nxe5 12. Rxe5 b6 13. a5 Nd7 14. Re1 b5 15.
Ne4 Bb7 16. c3 Ne5 17. Bf4 Qxd3 18. Bxe5 Qxd1 19. Raxd1 Bxe5 20. Nxc5 Bxg2 21.
Kxg2 Bd6 22. Nd7 Rbc8 23. Nxf8 Kxf8 24. Re4 f5 25. Red4 Rc6 26. f4 Kf7 27. Kf3
Ke6 28. R1d3 Bc7 29. Re3+ Kf6 30. Rd7 Bd6 31. Rb7 Bc5 32. Re5 h5 33. h3 Bd6 34.
Rb6 Rc4 35. Rxa6 b4 36. cxb4 Rxb4 1-0

[Event "Lindores Abbey Tal Blitz 2021"]
[Site "Riga"]
[Date "2021.11.08"]
[Round "18.36"]
[White "Stefanova, Antoaneta"]
[Black "Oparin, Grigoriy"]
[Result "0-1"]
[WhiteElo "2475"]
[BlackElo "2659"]
[Annotator "TA"]
[PlyCount "86"]
[EventDate "2021.11.02"]
[EventType "swiss"]
[EventCountry "LAT"]
[SourceTitle "playchess.com"]
[Source "ChessBase"]
[SourceQuality "1"]

1. d4 d5 2. Bf4 Nf6 3. e3 e6 4. Nd2 c5 5. c3 Nc6 6. Ngf3 cxd4 7. exd4 Nh5 8.
Be3 Bd6 9. Ne5 g6 10. f4 f6 11. Nd3 Qc7 12. g3 Ng7 13. Bg2 O-O 14. O-O b6 15.
c4 Qf7 16. cxd5 exd5 17. Rc1 Bb7 18. Bf2 Nf5 19. Nf3 Rfe8 20. Re1 h5 21. h3 Nb4
22. Nxb4 Bxb4 23. Rxe8+ Rxe8 24. Qd3 Bf8 25. Re1 Nd6 26. Rxe8 Qxe8 27. Nh4 Ne4
28. Be1 Kg7 29. g4 hxg4 30. hxg4 Bd6 31. Qf3 Ng5 32. fxg5 Qxe1+ 33. Bf1 fxg5
34. Nxg6 Kxg6 35. Qf5+ Kg7 36. Qxg5+ Kf7 37. Qf5+ Ke8 38. Qg6+ Kd7 39. Qf5+ Kc7
40. Qh7+ Kb8 41. Qg8+ Bc8 42. Qxd5 Qe3+ 43. Kh1 Bb7 0-1

[Event "Lindores Abbey Tal Blitz 2021"]
[Site "Riga"]
[Date "2021.11.08"]
[Round "18.37"]
[White "Demchenko, Anton"]
[Black "Sethuraman, S.P.."]
[Result "1-0"]
[WhiteElo "2655"]
[BlackElo "2620"]
[Annotator "ChessBase"]
[PlyCount "42"]
[EventDate "2021.11.02"]
[EventType "swiss"]
[EventCountry "LAT"]
[SourceTitle "playchess.com"]
[Source "ChessBase"]
[SourceQuality "1"]

1. e4 e5 2. Nf3 Nc6 3. Bc4 Bc5 4. d3 Nf6 5. Nc3 h6 6. O-O O-O 7. h3 a6 8. Be3
d6 9. a4 Re8 10. Bxc5 dxc5 11. Nd5 Be6 12. Ne3 Bxc4 13. Nxc4 b6 14. Ne3 Nd7 15.
Nd2 Nf8 16. Qg4 Ne6 17. h4 Ncd4 18. Rfd1 Qf6 19. g3 Nc6 20. Kg2 Nb4 21. Nf3
Rad8 1-0

[Event "Lindores Abbey Tal Blitz 2021"]
[Site "Riga"]
[Date "2021.11.08"]
[Round "18.38"]
[White "Henriquez Villagra, Cristobal"]
[Black "Gunina, Valentina"]
[Result "1/2-1/2"]
[WhiteElo "2608"]
[BlackElo "2480"]
[Annotator "TA"]
[PlyCount "168"]
[EventDate "2021.11.02"]
[EventType "swiss"]
[EventCountry "LAT"]
[SourceTitle "playchess.com"]
[Source "ChessBase"]
[SourceQuality "1"]

1. e4 c6 2. d4 d5 3. exd5 cxd5 4. Bd3 Nf6 5. c3 Bg4 6. Ne2 Qc7 7. O-O e6 8. f3
Bh5 9. Bf4 Bd6 10. Qd2 O-O 11. Na3 a6 12. Bxd6 Qxd6 13. Qf4 Qb6 14. Rab1 Nbd7
15. Kh1 Rfe8 16. Qd2 Rac8 17. Nf4 Bg6 18. Bxg6 hxg6 19. Nd3 e5 20. dxe5 Nxe5
21. Nxe5 Rxe5 22. Nc2 Rce8 23. Nd4 g5 24. b3 Nh5 25. Rfe1 Qf6 26. g3 g6 27. Kg2
Kg7 28. Rxe5 Qxe5 29. Kf2 Qc7 30. Re1 Rh8 31. Qxg5 Kf8 32. Qe5 Qxe5 33. Rxe5
Nf6 34. h4 b5 35. Ne2 Kg7 36. Ke3 Rc8 37. Kd4 a5 38. Nf4 b4 39. cxb4 axb4 40.
Nxd5 Nd7 41. Re2 Nc5 42. Nf4 Nb7 43. Kd5 Rc5+ 44. Kd4 Rc3 45. Rf2 Nd6 46. Nd5
Nb5+ 47. Ke4 Rc1 48. Nxb4 Rd1 49. g4 Rd4+ 50. Ke3 Rxb4 51. Rd2 Nc3 52. Rc2 Nd5+
53. Ke2 Rd4 54. Rb2 Nc3+ 55. Ke1 Rd3 56. b4 Nb5 57. a4 Nc3 58. a5 Nb5 59. Ke2
Rd6 60. Ke3 Rc6 61. Rd2 Rc4 62. Rb2 Rc3+ 63. Ke4 Kf6 64. Kf4 Rc4+ 65. Ke3 Ke5
66. Rb3 f5 67. h5 gxh5 68. gxh5 f4+ 69. Kd2 Rd4+ 70. Ke2 Rd6 71. Kf2 Rd2+ 72.
Ke1 Rh2 73. Rd3 Rxh5 74. Rd8 Rh2 75. Rc8 Nd4 76. b5 Nxf3+ 77. Kd1 Ra2 78. b6
Ra1+ 79. Kc2 Nd4+ 80. Kd3 Ra3+ 81. Kc4 Ra4+ 82. Kd3 Ra3+ 83. Kc4 Ra4+ 84. Kd3
Ra3+ 1/2-1/2

[Event "Lindores Abbey Tal Blitz 2021"]
[Site "Riga"]
[Date "2021.11.08"]
[Round "18.39"]
[White "Rakhmanov, Aleksandr"]
[Black "Assaubayeva, Bibisara"]
[Result "1-0"]
[WhiteElo "2650"]
[BlackElo "2400"]
[Annotator "TA"]
[PlyCount "57"]
[EventDate "2021.11.02"]
[EventType "swiss"]
[EventCountry "LAT"]
[SourceTitle "playchess.com"]
[Source "ChessBase"]
[SourceQuality "1"]

1. c4 Nf6 2. Nc3 g6 3. d4 Bg7 4. e4 d6 5. h3 O-O 6. Be3 c5 7. Nf3 cxd4 8. Nxd4
Nc6 9. Be2 Bd7 10. O-O a6 11. Qc2 Rc8 12. a4 Nxd4 13. Bxd4 e5 14. Be3 b5 15.
axb5 axb5 16. cxb5 d5 17. exd5 Nxd5 18. Bd2 Be6 19. Rfd1 Qb6 20. Nxd5 Bxd5 21.
Bc3 Qe6 22. Ra6 Bb3 23. Qd2 Qf5 24. Bg4 Qf4 25. Qxf4 exf4 26. Bxc8 Bxd1 27. Ra8
Bb3 28. b6 Bd5 29. b7 1-0

[Event "Lindores Abbey Tal Blitz 2021"]
[Site "Riga"]
[Date "2021.11.08"]
[Round "18.40"]
[White "Meshkovs, Nikita"]
[Black "Javakhishvili, Lela"]
[Result "1-0"]
[WhiteElo "2557"]
[BlackElo "2446"]
[Annotator "ChessBase"]
[PlyCount "119"]
[EventDate "2021.11.02"]
[EventType "swiss"]
[EventCountry "LAT"]
[SourceTitle "playchess.com"]
[Source "ChessBase"]
[SourceQuality "1"]

1. c4 c5 2. Nf3 g6 3. d4 Bg7 4. Nc3 d6 5. dxc5 Qa5 6. Bd2 Qxc5 7. e3 Nf6 8. Be2
O-O 9. O-O b6 10. b4 Qc7 11. Rc1 Bb7 12. Nd5 Qd8 13. Nd4 Nxd5 14. cxd5 Bxd5 15.
Bf3 Bxf3 16. Qxf3 d5 17. b5 a6 18. a4 axb5 19. axb5 Bxd4 20. exd4 Nd7 21. Bh6
Re8 22. Qxd5 Nf6 23. Qe5 Qd5 24. Rc6 Qxe5 25. dxe5 Nd5 26. Rfc1 e6 27. g4 Ra4
28. f3 f6 29. exf6 Kf7 30. g5 Ra7 31. Rd6 Rb8 32. Kf2 Ra2+ 33. Kg3 Ra7 34. Rdc6
Rd7 35. h4 e5 36. Re1 Re8 37. Kg4 Re6 38. Kg3 Rd8 39. Ra1 Rxc6 40. bxc6 Nc7 41.
Ra7 Rc8 42. Rb7 b5 43. Bg7 Ke6 44. Kg4 b4 45. h5 Kd6 46. f7 Ne6 47. Bf6 Rxc6
48. Be7+ Kd5 49. f8=Q Nxf8 50. Bxf8 Rc4+ 51. Kg3 gxh5 52. Rxb4 Rc8 53. Bh6 Rc1
54. Rb7 Rc3 55. Rd7+ Ke6 56. Rxh7 e4 57. g6 Rxf3+ 58. Kh4 Kf6 59. g7 Kf7 60.
Rh8 1-0

[Event "Lindores Abbey Tal Blitz 2021"]
[Site "Riga"]
[Date "2021.11.08"]
[Round "18.41"]
[White "Ernst, Sipke"]
[Black "Munguntuul, Batkhuyag"]
[Result "0-1"]
[WhiteElo "2532"]
[BlackElo "2433"]
[Annotator "TA"]
[PlyCount "146"]
[EventDate "2021.11.02"]
[EventType "swiss"]
[EventCountry "LAT"]
[SourceTitle "playchess.com"]
[Source "ChessBase"]
[SourceQuality "1"]

1. d4 d5 2. c4 c6 3. Nf3 Nf6 4. Nc3 e6 5. g3 dxc4 6. Bg2 b5 7. O-O Bb7 8. e4 b4
9. e5 bxc3 10. exf6 cxb2 11. fxg7 Bxg7 12. Bxb2 O-O 13. Rb1 Nd7 14. d5 Nb6 15.
Bxg7 Kxg7 16. d6 c5 17. Ne5 Bxg2 18. Kxg2 Qf6 19. Qe2 Rfd8 20. Rfd1 Nd5 21. Rb7
Rxd6 22. Rxf7+ Qxf7 23. Nxf7 Kxf7 24. Qxc4 Ne3+ 25. fxe3 Rxd1 26. Qf4+ Ke8 27.
Qe4 Rad8 28. Qxe6+ Kf8 29. Qf5+ Kg7 30. Qg5+ Kf7 31. Qxc5 R1d2+ 32. Kh3 R8d5
33. Qxa7+ Kg6 34. Qb6+ Kg7 35. Qc7+ Kg6 36. g4 R2d3 37. Qf4 h5 38. Qe4+ Kg7 39.
Qe7+ Kg6 40. Qe8+ Kg7 41. gxh5 Rd6 42. Kg3 R3d5 43. e4 Rd3+ 44. Kg4 Rd2 45. a4
Rg2+ 46. Kf3 Rdd2 47. Qe5+ Kh7 48. Qf5+ Kg7 49. h6+ Kh8 50. Qc5 Kh7 51. a5 Kxh6
52. Qe7 Rdf2+ 53. Ke3 Re2+ 54. Kd4 Rd2+ 55. Ke5 Rxh2 56. Qf6+ Kh7 57. Qf7+ Kh6
58. a6 Ra2 59. Qe6+ Kh7 60. Qd7+ Kh6 61. a7 Rh5+ 62. Kf4 Rha5 63. e5 Rxa7 64.
Qe6+ Kh7 65. Qh3+ Kg7 66. Qg4+ Kf8 67. Qc8+ Kg7 68. Qg4+ Kf8 69. Qc8+ Kg7 70.
Qd8 R2a6 71. Kf5 Rf7+ 72. Kg5 Rg6+ 73. Kh5 Rf5+ 0-1

[Event "Lindores Abbey Tal Blitz 2021"]
[Site "Riga"]
[Date "2021.11.08"]
[Round "18.42"]
[White "Zhou, Jianchao"]
[Black "Budisavljevic, Luka"]
[Result "0-1"]
[WhiteElo "2616"]
[BlackElo "2511"]
[Annotator "TA"]
[PlyCount "30"]
[EventDate "2021.11.02"]
[EventType "swiss"]
[EventCountry "LAT"]
[SourceTitle "playchess.com"]
[Source "ChessBase"]
[SourceQuality "1"]

1. d4 Nf6 2. c4 a6 3. Nc3 c5 4. dxc5 e6 5. e4 Qc7 6. Nf3 Bxc5 7. e5 Ng4 8. Ne4
Nxe5 9. Nxc5 Qxc5 10. Be3 Qb4+ 11. Nd2 O-O 12. Qc2 d5 13. cxd5 exd5 14. Bc5 Re8
15. Be2 Qxc5 0-1

[Event "Lindores Abbey Tal Blitz 2021"]
[Site "Riga"]
[Date "2021.11.08"]
[Round "18.43"]
[White "Tregubov, Pavel V."]
[Black "Saduakassova, Dinara"]
[Result "1/2-1/2"]
[WhiteElo "2537"]
[BlackElo "2491"]
[Annotator "ChessBase"]
[PlyCount "92"]
[EventDate "2021.11.02"]
[EventType "swiss"]
[EventCountry "LAT"]
[SourceTitle "playchess.com"]
[Source "ChessBase"]
[SourceQuality "1"]

1. e4 e5 2. Nf3 Nc6 3. Bb5 a6 4. Ba4 Nf6 5. d4 exd4 6. O-O Be7 7. e5 Ne4 8.
Nxd4 Nc5 9. Nf5 O-O 10. Qg4 g6 11. Bxc6 dxc6 12. Nxe7+ Qxe7 13. Qg3 f6 14. exf6
Qxf6 15. Nc3 Bf5 16. Qxc7 Bxc2 17. Be3 Ne4 18. Nxe4 Bxe4 19. Rad1 Rf7 20. Qg3
Bd5 21. b3 Re8 22. Rfe1 Rfe7 23. h3 Qf5 24. Kh2 Re4 25. Bd2 Qe5 26. Bf4 Qf5 27.
Rxe4 Rxe4 28. Be3 Qe5 29. Qxe5 Rxe5 30. g4 Kf7 31. Kg3 h5 32. Rd4 Re4 33. Rd3
hxg4 34. hxg4 Kf6 35. f3 Re8 36. Kf2 Kf7 37. Bd4 Rd8 38. Be5 Re8 39. f4 g5 40.
Kg3 gxf4+ 41. Kxf4 Kg6 42. g5 Rf8+ 43. Bf6 Re8 44. Be5 Rf8+ 45. Bf6 Re8 46. Be5
Rf8+ 1/2-1/2

[Event "Lindores Abbey Tal Blitz 2021"]
[Site "Riga"]
[Date "2021.11.08"]
[Round "18.44"]
[White "Harika, Dronavalli"]
[Black "Miezis, Normunds"]
[Result "1/2-1/2"]
[WhiteElo "2511"]
[BlackElo "2446"]
[Annotator "ChessBase"]
[PlyCount "145"]
[EventDate "2021.11.02"]
[EventType "swiss"]
[EventCountry "LAT"]
[SourceTitle "playchess.com"]
[Source "ChessBase"]
[SourceQuality "1"]

1. e4 c5 2. Nc3 e6 3. Nf3 a6 4. g3 Nc6 5. Bg2 g5 6. h3 Bg7 7. d3 h6 8. O-O Nge7
9. Be3 Nd4 10. Bd2 Ng6 11. Nxd4 Bxd4 12. Qc1 Qc7 13. Ne2 Bg7 14. c3 b5 15. a4
Bb7 16. Be3 Ne5 17. Qd1 c4 18. Nc1 cxd3 19. Nxd3 Nc4 20. Bc1 Rc8 21. Kh1 O-O
22. axb5 axb5 23. f4 gxf4 24. Bxf4 d6 25. Qh5 Kh7 26. Qxb5 Ra8 27. Rxa8 Bxa8
28. Qh5 f5 29. Qe2 e5 30. Bc1 fxe4 31. Bxe4+ Bxe4+ 32. Qxe4+ Kg8 33. Rxf8+ Kxf8
34. Nb4 Kg8 35. Kh2 Kh8 36. Qa8+ Kh7 37. Qf3 Qc5 38. Nd5 e4 39. Qf5+ Kh8 40.
Kg2 e3 41. Qe4 Qc8 42. Nf4 Qc5 43. Ng6+ Kg8 44. Ne7+ Kf7 45. Nf5 Be5 46. Nxh6+
Ke6 47. Ng4 Qb5 48. Qg6+ Kd7 49. Qf5+ Kc7 50. Qe4 Nxb2 51. Nxe5 Qe2+ 52. Kh1
Qe1+ 53. Kh2 Qf2+ 54. Qg2 dxe5 55. Qxf2 exf2 56. Kg2 Nd1 57. h4 e4 58. h5 e3
59. Bxe3 Nxe3+ 60. Kxf2 Ng4+ 61. Kf3 Nf6 62. g4 Kd6 63. Kf4 Ke6 64. c4 Nd7 65.
g5 Ne5 66. c5 Nd3+ 67. Kg4 Nxc5 68. h6 Kf7 69. Kf5 Nd7 70. g6+ Kg8 71. h7+ Kg7
72. Ke6 Nc5+ 73. Kf5 1/2-1/2

[Event "Lindores Abbey Tal Blitz 2021"]
[Site "Riga"]
[Date "2021.11.08"]
[Round "18.45"]
[White "Kosteniuk, Alexandra"]
[Black "Lujan, Carolina"]
[Result "1-0"]
[WhiteElo "2518"]
[BlackElo "2340"]
[Annotator "ChessBase"]
[PlyCount "120"]
[EventDate "2021.11.02"]
[EventType "swiss"]
[EventCountry "LAT"]
[SourceTitle "playchess.com"]
[Source "ChessBase"]
[SourceQuality "1"]

1. e4 c5 2. c3 d5 3. exd5 Qxd5 4. d4 Nf6 5. Nf3 e6 6. Be2 Nc6 7. O-O cxd4 8.
cxd4 Be7 9. Nc3 Qd6 10. Nb5 Qd8 11. Bf4 Nd5 12. Bg3 O-O 13. Rc1 a6 14. Nc3 Ncb4
15. a3 Nxc3 16. bxc3 Nd5 17. a4 b6 18. Ne5 Bb7 19. Bd3 Nf6 20. c4 g6 21. Bb1
Nh5 22. Rc3 f5 23. f4 Nf6 24. Rb3 Ne4 25. Bxe4 Bxe4 26. Bf2 Bf6 27. Qe1 Rb8 28.
Qb4 Be7 29. Qc3 Bf6 30. Qb2 Qc7 31. Rc1 Rfc8 32. h4 Bxe5 33. fxe5 Qc6 34. Rg3
Qxa4 35. Qe2 Rc7 36. h5 Rg7 37. d5 exd5 38. cxd5 Bxd5 39. e6 Re8 40. Re3 Qb5
41. Qxb5 axb5 42. Re5 Bxe6 43. h6 Rd7 44. Rxb5 Rb8 45. Rc6 Kf7 46. Bg3 Ra8 47.
Rbxb6 Bd5 48. Rf6+ Ke7 49. Bh4 Ra1+ 50. Kh2 Kd8 51. Rxg6+ Kc7 52. Bg3+ Kd8 53.
Rb8+ Ke7 54. Rg7+ Ke6 55. Rb6+ Bc6 56. Rxc6+ Kd5 57. Rxd7+ Kxc6 58. Rxh7 Ra4
59. Rg7 f4 60. Bf2 Kd5 1-0

[Event "Lindores Abbey Tal Blitz 2021"]
[Site "Riga"]
[Date "2021.11.08"]
[Round "18.46"]
[White "Batsiashvili, Nino"]
[Black "Cori T., Deysi"]
[Result "0-1"]
[WhiteElo "2491"]
[BlackElo "2396"]
[Annotator "ChessBase"]
[PlyCount "108"]
[EventDate "2021.11.02"]
[EventType "swiss"]
[EventCountry "LAT"]
[SourceTitle "playchess.com"]
[Source "ChessBase"]
[SourceQuality "1"]

1. d4 d6 2. Nf3 g6 3. g3 Bg7 4. Bg2 f5 5. c4 Nf6 6. Nc3 O-O 7. O-O c6 8. Rb1
Qe8 9. b4 e5 10. dxe5 dxe5 11. b5 e4 12. Nd4 Qf7 13. Qb3 c5 14. Nc2 Be6 15. Ne3
Nbd7 16. Ncd5 Nb6 17. Nxb6 axb6 18. Bb2 Rfd8 19. Rbd1 h5 20. Rxd8+ Rxd8 21. Rd1
Rd7 22. Rxd7 Qxd7 23. Bxf6 Bxf6 24. Nd5 Bd8 25. h4 Kf7 26. e3 Qd6 27. Bf1 g5
28. hxg5 Bxg5 29. Qc3 Bxd5 30. cxd5 Bf6 31. Qb3 h4 32. gxh4 Bxh4 33. Qd1 Kg6
34. Bc4 Be7 35. Kf1 Qh2 36. Ke2 Bh4 37. Qf1 Kf6 38. a4 f4 39. exf4 Qxf4 40. Qg2
e3 41. Qf3 Qxf3+ 42. Kxf3 exf2 43. Ke4 Bg3 44. Be2 Ke7 45. Kf3 Bh4 46. Ke4 Kd6
47. Bf1 Bf6 48. Bg2 c4 49. Ke3 c3 50. Kd3 Kc5 51. Kc2 Be5 52. Kd3 Kb4 53. d6
Bxd6 54. Kc2 Be5 0-1

[Event "Lindores Abbey Tal Blitz 2021"]
[Site "Riga"]
[Date "2021.11.08"]
[Round "18.47"]
[White "Zhu, Jiner"]
[Black "Shuvalova, Polina"]
[Result "1-0"]
[WhiteElo "2455"]
[BlackElo "2515"]
[Annotator "TA"]
[PlyCount "157"]
[EventDate "2021.11.02"]
[EventType "swiss"]
[EventCountry "LAT"]
[SourceTitle "playchess.com"]
[Source "ChessBase"]
[SourceQuality "1"]

1. e4 c6 2. Nc3 d5 3. Nf3 g6 4. g3 Bg7 5. Bg2 Nf6 6. e5 Ne4 7. Ne2 O-O 8. d3
Nc5 9. O-O Ncd7 10. d4 b6 11. Re1 Re8 12. e6 fxe6 13. Nf4 Nf8 14. Ng5 e5 15.
dxe5 e6 16. Nf3 c5 17. c3 Nc6 18. h4 Qe7 19. Qe2 a5 20. Nh3 Nd7 21. Bg5 Qf7 22.
Bf4 Ba6 23. Qe3 Rf8 24. Nhg5 Qe7 25. Bh3 Nd8 26. Bg2 Bb7 27. Rad1 a4 28. Nh3
Nf7 29. Kh2 a3 30. b3 Rad8 31. Qc1 Ra8 32. g4 Nd8 33. Bg3 d4 34. Nhg1 Bd5 35.
cxd4 Nc6 36. dxc5 Nxc5 37. Nd4 Bxg2 38. Kxg2 Nb4 39. Qd2 Nd5 40. Ngf3 Rad8 41.
h5 Qb7 42. hxg6 hxg6 43. Kh2 Ne7 44. Qe3 Nd5 45. Qg5 Nc3 46. Rc1 Nxa2 47. Rxc5
bxc5 48. Nxe6 Qxf3 49. Qxg6 Qf7 50. Qxf7+ Kxf7 51. Nxd8+ Rxd8 52. e6+ Ke7 53.
Bh4+ Bf6 54. Bxf6+ Kxf6 55. e7 Re8 56. Ra1 Nc3 57. Rxa3 Rxe7 58. f4 Re3 59.
Ra6+ Kg7 60. g5 Ne4 61. Re6 Kf7 62. Re5 Kg6 63. Kg2 Kh5 64. Kf1 Kg4 65. g6 Kf3
66. g7 Nf6 67. Rf5 Rxb3 68. Ke1 Ng8 69. Rf8 Rb1+ 70. Kd2 Kg4 71. Rxg8 Rb7 72.
Ke3 Re7+ 73. Kd3 Rf7 74. Kc4 Rc7 75. Kd3 c4+ 76. Kc3 Kg3 77. f5 Kg4 78. f6 Kg5
79. Rf8 1-0

[Event "Lindores Abbey Tal Blitz 2021"]
[Site "Riga"]
[Date "2021.11.08"]
[Round "18.48"]
[White "Neiksans, Arturs"]
[Black "Socko, Monika"]
[Result "1-0"]
[WhiteElo "2575"]
[BlackElo "2393"]
[Annotator "ChessBase"]
[PlyCount "82"]
[EventDate "2021.11.02"]
[EventType "swiss"]
[EventCountry "LAT"]
[SourceTitle "playchess.com"]
[Source "ChessBase"]
[SourceQuality "1"]

1. e4 e6 2. d3 d5 3. Nd2 c5 4. Ngf3 Nc6 5. g3 Bd6 6. Bg2 Nge7 7. O-O Bc7 8. c3
O-O 9. a3 b6 10. b4 Ba6 11. c4 Bb7 12. Rb1 cxb4 13. axb4 a5 14. bxa5 Nxa5 15.
cxd5 exd5 16. e5 d4 17. Ba3 Re8 18. Re1 Ng6 19. Bb4 Nc6 20. Bd6 Bxd6 21. exd6
Rxe1+ 22. Nxe1 Na5 23. Bxb7 Nxb7 24. Qb3 Nxd6 25. Qxb6 Qxb6 26. Rxb6 Nf5 27.
Nef3 h6 28. Rb5 Nge7 29. Re5 f6 30. Re4 Kf7 31. g4 Nd6 32. Rxd4 Ke6 33. Nc4 Nb5
34. Re4+ Kf7 35. Nd4 Nxd4 36. Rxd4 Ra6 37. Ne3 g6 38. Kg2 h5 39. h3 hxg4 40.
hxg4 f5 41. g5 Ke6 1-0

[Event "Lindores Abbey Tal Blitz 2021"]
[Site "Riga"]
[Date "2021.11.08"]
[Round "18.49"]
[White "Firat, Burak"]
[Black "Garifullina, Leya"]
[Result "1/2-1/2"]
[WhiteElo "2480"]
[BlackElo "2416"]
[Annotator "ChessBase"]
[PlyCount "62"]
[EventDate "2021.11.02"]
[EventType "swiss"]
[EventCountry "LAT"]
[SourceTitle "playchess.com"]
[Source "ChessBase"]
[SourceQuality "1"]

1. d4 Nf6 2. c4 e6 3. Nf3 d5 4. Nc3 c5 5. cxd5 cxd4 6. Qxd4 exd5 7. Bg5 Be7 8.
e3 O-O 9. Rd1 Qa5 10. Be2 Nc6 11. Qd3 h6 12. Bh4 Be6 13. O-O Rfd8 14. a3 Qb6
15. Na4 Qa5 16. Nc3 Qb6 17. Na4 Qa5 18. Qb5 Qxb5 19. Bxb5 g5 20. Bg3 Ne4 21.
Bxc6 bxc6 22. Rc1 c5 23. Ne5 Rac8 24. f4 Bf6 25. Nc3 Nxc3 26. Rxc3 Bxe5 27.
fxe5 c4 28. Rc2 Rb8 29. Be1 d4 30. exd4 Rxd4 31. Bc3 Rd3 1/2-1/2

[Event "Lindores Abbey Tal Blitz 2021"]
[Site "Riga"]
[Date "2021.11.08"]
[Round "18.50"]
[White "Dzagnidze, Nana"]
[Black "Divya Deshmukh"]
[Result "1-0"]
[WhiteElo "2524"]
[BlackElo "2310"]
[Annotator "ChessBase"]
[PlyCount "40"]
[EventDate "2021.11.02"]
[EventType "swiss"]
[EventCountry "LAT"]
[SourceTitle "playchess.com"]
[Source "ChessBase"]
[SourceQuality "1"]

1. d4 Nf6 2. c4 e6 3. Nc3 d5 4. Bg5 Bb4 5. e3 h6 6. Bxf6 Qxf6 7. Nf3 O-O 8. Rc1
Rd8 9. Qc2 Nc6 10. a3 Bf8 11. Be2 dxc4 12. Bxc4 e5 13. Nd5 Qd6 14. dxe5 Nxe5
15. Nxe5 Qxe5 16. Nf4 Bf5 17. Qb3 Qf6 18. O-O Be4 19. Rfd1 Bd6 20. Bd5 Bxf4 1-0

[Event "Lindores Abbey Tal Blitz 2021"]
[Site "Riga"]
[Date "2021.11.08"]
[Round "18.51"]
[White "Padmini, Rout"]
[Black "Maltsevskaya, Aleksandra"]
[Result "0-1"]
[WhiteElo "2353"]
[BlackElo "2411"]
[Annotator "ChessBase"]
[PlyCount "128"]
[EventDate "2021.11.02"]
[EventType "swiss"]
[EventCountry "LAT"]
[SourceTitle "playchess.com"]
[Source "ChessBase"]
[SourceQuality "1"]

1. Nf3 Nf6 2. g3 g6 3. Bg2 Bg7 4. O-O O-O 5. d4 d6 6. b3 Nbd7 7. Bb2 e5 8. dxe5
Ng4 9. c4 Ngxe5 10. Nc3 Nxf3+ 11. exf3 a5 12. Qd2 Nc5 13. Nd5 Be6 14. Bxg7 Kxg7
15. Qd4+ f6 16. f4 Bxd5 17. Bxd5 Qd7 18. Kg2 Rfe8 19. h4 Qf5 20. Rfe1 a4 21.
bxa4 c6 22. Bf3 Qd3 23. Qxd3 Nxd3 24. Red1 Nc5 25. Rxd6 Rxa4 26. h5 Rxc4 27.
h6+ Kxh6 28. Rxf6 Kg7 29. Rd6 Re7 30. Rd2 Rc3 31. Rb1 Nd3 32. Be2 Nc5 33. Rb4
Ne4 34. Rdb2 Nd6 35. a4 Ra3 36. Bf3 c5 37. Rb6 Nc4 38. Rxb7 Nxb2 39. Rxe7+ Kf6
40. Rxh7 Rxa4 41. Bd5 g5 42. Rh6+ Kg7 43. fxg5 Nd3 44. Rf6 Rd4 45. Bb3 c4 46.
Ba2 c3 47. Rc6 c2 48. Bb3 c1=Q 49. Rxc1 Nxc1 50. Bc2 Rd2 51. Be4 Nd3 52. Bxd3
Rxd3 53. f4 Kg6 54. g4 Kf7 55. Kf2 Ke6 56. f5+ Ke5 57. g6 Kf6 58. Kg2 Kg5 59.
Kf2 Rd6 60. Kf3 Rd3+ 61. Ke4 Ra3 62. Ke5 Re3+ 63. Kd4 Re8 64. Kd5 Kxg4 0-1

[Event "Lindores Abbey Tal Blitz 2021"]
[Site "Riga"]
[Date "2021.11.08"]
[Round "18.52"]
[White "Muzychuk, Mariya"]
[Black "Vantika Agrawal"]
[Result "1/2-1/2"]
[WhiteElo "2536"]
[BlackElo "2329"]
[Annotator "ChessBase"]
[PlyCount "81"]
[EventDate "2021.11.02"]
[EventType "swiss"]
[EventCountry "LAT"]
[SourceTitle "playchess.com"]
[Source "ChessBase"]
[SourceQuality "1"]

1. e4 c5 2. Nf3 d6 3. Bb5+ Nd7 4. O-O a6 5. Bd3 Ngf6 6. c3 b5 7. Bc2 Bb7 8. Re1
c4 9. d4 cxd3 10. Qxd3 Nc5 11. Qe2 Ncxe4 12. a4 b4 13. cxb4 e6 14. a5 Be7 15.
Ba4+ Kf8 16. Nc3 d5 17. Nxe4 Nxe4 18. Bd2 h5 19. Bc3 h4 20. h3 Rh6 21. Rac1 Rc8
22. Ne5 d4 23. Nd7+ Kg8 24. Bxd4 Bxb4 25. Rxc8 Qxc8 26. Rd1 Rg6 27. f3 Ng3 28.
Qd3 Rg5 29. Nb6 Qc7 30. Bc2 Nf5 31. Bf2 Kh7 32. Bxh4 Rg6 33. Bf2 Bc5 34. Qe2
Bxf2+ 35. Qxf2 Kg8 36. Bxf5 exf5 37. Rd7 Qc1+ 38. Qf1 Qc5+ 39. Qf2 Qc1+ 40. Qf1
Qc5+ 41. Qf2 1/2-1/2

[Event "Lindores Abbey Tal Blitz 2021"]
[Site "Riga"]
[Date "2021.11.08"]
[Round "18.53"]
[White "Sukandar, Irine Kharisma"]
[Black "Arabidze, Meri"]
[Result "1-0"]
[WhiteElo "2406"]
[BlackElo "2441"]
[Annotator "ChessBase"]
[PlyCount "169"]
[EventDate "2021.11.02"]
[EventType "swiss"]
[EventCountry "LAT"]
[SourceTitle "playchess.com"]
[Source "ChessBase"]
[SourceQuality "1"]

1. b3 Nf6 2. Bb2 g6 3. g3 Bg7 4. Bg2 O-O 5. Nf3 c5 6. O-O Nc6 7. c4 d6 8. Nc3
e5 9. d3 h6 10. Ne1 Be6 11. Nc2 d5 12. cxd5 Nxd5 13. Ne3 Nxc3 14. Bxc3 Rc8 15.
Rc1 b6 16. Nc4 Bd5 17. Bh3 Rc7 18. f4 exf4 19. Bxg7 Kxg7 20. Rxf4 Nd4 21. e3
Ne6 22. Bxe6 Bxe6 23. Qf1 Qd5 24. d4 cxd4 25. Rxd4 Qg5 26. Re1 b5 27. Nd6 a6
28. Ne4 Qe5 29. Qf4 Qxf4 30. exf4 Rc2 31. Rd2 Rxd2 32. Nxd2 Rc8 33. Nf3 Bd5 34.
Nd4 Rc3 35. Re5 Bb7 36. Re7 Bd5 37. Rd7 Be4 38. Rd6 Rd3 39. Kf2 Kf8 40. Rd8+
Kg7 41. Ke2 Rc3 42. Rd6 a5 43. Nxb5 Rc2+ 44. Rd2 Rc1 45. Nd6 Bg2 46. Nc4 a4 47.
Ne3 Be4 48. bxa4 f5 49. Nd1 Rc7 50. Rb2 Ra7 51. Rb4 Bd5 52. Nc3 Be6 53. Rb6
Bc4+ 54. Kd2 Rd7+ 55. Kc2 Re7 56. Rc6 Bf1 57. Rd6 g5 58. fxg5 hxg5 59. Kd2 Bc4
60. a5 Ra7 61. Rc6 Bf1 62. Rc5 Kg6 63. Nd5 Rd7 64. Kc3 Rd6 65. Ne3 Ba6 66. Nxf5
Rd3+ 67. Kb4 Rd2 68. Ne7+ Kf7 69. Nd5 Rxa2 70. Rc7+ Ke6 71. Rc6+ Kxd5 72. Rxa6
Rxh2 73. Rg6 Rb2+ 74. Kc3 Ra2 75. Rxg5+ Ke6 76. Kb4 Rb2+ 77. Kc5 Kf6 78. Rg8
Kf7 79. Rg4 Ra2 80. Kb5 Ke6 81. a6 Kd7 82. Ra4 Rb2+ 83. Kc5 Rc2+ 84. Kd5 Rd2+
85. Ke5 1-0

[Event "Lindores Abbey Tal Blitz 2021"]
[Site "Riga"]
[Date "2021.11.08"]
[Round "18.54"]
[White "Girya, Olga"]
[Black "Zawadzka, Jolanta"]
[Result "1-0"]
[WhiteElo "2402"]
[BlackElo "2429"]
[Annotator "ChessBase"]
[PlyCount "67"]
[EventDate "2021.11.02"]
[EventType "swiss"]
[EventCountry "LAT"]
[SourceTitle "playchess.com"]
[Source "ChessBase"]
[SourceQuality "1"]

1. d4 d5 2. c4 e6 3. Nf3 Nf6 4. g3 Be7 5. Bg2 O-O 6. O-O c6 7. Qc2 b6 8. Bf4
Bb7 9. Nbd2 Nbd7 10. e4 Rc8 11. e5 Ne8 12. cxd5 cxd5 13. Qd3 Nb8 14. Rfc1 Ba6
15. Qe3 Nc6 16. a3 Na5 17. Bg5 Bxg5 18. Nxg5 h6 19. Nh3 Qd7 20. Nf4 Nc7 21. b4
Nc4 22. Nxc4 Bxc4 23. a4 Rfd8 24. h4 b5 25. axb5 Nxb5 26. Nd3 Bxd3 27. Qxd3 Qb7
28. Bf1 Rxc1 29. Rxc1 a6 30. Rc5 Rb8 31. Qd2 Na3 32. Qb2 Qxb4 33. Rc8+ Kh7 34.
Rxb8 1-0